|
|
|
|
| LEADER |
01906nam a2200457 a 4500 |
| 001 |
EBC408601 |
| 003 |
MiAaPQ |
| 005 |
20200520144314.0 |
| 006 |
m o d | |
| 007 |
cr cn||||||||| |
| 008 |
961113s1997 ilua sb 101 0 eng d |
| 010 |
|
|
|z 96050195
|
| 020 |
|
|
|z 0226261786 (cloth : alk. paper)
|
| 020 |
|
|
|z 9780226261782
|
| 020 |
|
|
|z 9780226261850
|
| 035 |
|
|
|a (MiAaPQ)EBC408601
|
| 035 |
|
|
|a (Au-PeEL)EBL408601
|
| 035 |
|
|
|a (CaPaEBR)ebr10230012
|
| 035 |
|
|
|a (CaONFJC)MIL143095
|
| 035 |
|
|
|a (OCoLC)476229838
|
| 040 |
|
|
|a MiAaPQ
|c MiAaPQ
|d MiAaPQ
|
| 043 |
|
|
|a e-sw---
|
| 050 |
|
4 |
|a HC375
|b .W34 1997
|
| 082 |
0 |
4 |
|a 330.9485/059
|2 21
|
| 245 |
0 |
4 |
|a The welfare state in transition
|h [electronic resource] :
|b reforming the Swedish model /
|c edited by Richard B. Freeman, Robert Topel, and Birgitta Swedenborg.
|
| 260 |
|
|
|a Chicago :
|b University of Chicago Press,
|c 1997.
|
| 300 |
|
|
|a ix, 477 p. :
|b ill.
|
| 490 |
1 |
|
|a National Bureau of Economic Research conference report
|
| 490 |
1 |
|
|a Conference report (National Bureau of Economic Research)
|
| 500 |
|
|
|a A research report presented at a public conference held in Sweden in January 1995.
|
| 504 |
|
|
|a Includes bibliographical references and indexes.
|
| 533 |
|
|
|a Electronic reproduction. Ann Arbor, MI : ProQuest, 2015. Available via World Wide Web. Access may be limited to ProQuest affiliated libraries.
|
| 651 |
|
0 |
|a Sweden
|x Economic conditions
|y 1945-
|v Congresses.
|
| 655 |
|
4 |
|a Electronic books.
|
| 700 |
1 |
|
|a Freeman, Richard B.
|q (Richard Barry),
|d 1943-
|
| 700 |
1 |
|
|a Topel, Robert H.
|
| 700 |
1 |
|
|a Swedenborg, Birgitta,
|d 1941-
|
| 710 |
2 |
|
|a ProQuest (Firm)
|
| 830 |
|
0 |
|a National Bureau of Economic Research conference report.
|
| 830 |
|
0 |
|a Conference report (National Bureau of Economic Research)
|
| 856 |
4 |
0 |
|u https://ebookcentral.proquest.com/lib/matrademy/detail.action?docID=408601
|z Click to View
|